LEADER 01819nam0 22003853i 450 001 VAN0275524 005 20240627015836.177 017 70$2N$a9789811605000 100 $a20240430d2021 |0itac50 ba 101 $aeng 102 $aSG 105 $a|||| ||||| 200 1 $aTest Configurations, Stabilities and Canonical Kähler Metrics$eComplex Geometry by the Energy Method$fToshiki Mabuchi 210 $aSingapore$cSpringer$d2021 215 $ax, 128 p.$cill.$d24 cm 410 1$1001VAN0102596$12001 $aSpringerBriefs in mathematics$1210 $aBerlin [etc.]$cSpringer$d2011- 606 $a14J45$xFano varieties [MSC 2020]$3VANC024001$2MF 606 $a32Q20$xKähler-Einstein manifolds [MSC 2020]$3VANC029384$2MF 606 $a32J27$xCompact Kähler manifolds: generalizations, classification [MSC 2020]$3VANC037852$2MF 610 $aExistence problem of extremal metrics$9KW:K 610 $aK-stability$9KW:K 610 $aThe Chow norm$9KW:K 610 $aThe Donaldson-Futaki invariant for test configurations$9KW:K 610 $aThe Yau-Tian-Donaldson conjecture$9KW:K 620 $aSG$dSingapore$3VANL000061 700 1$aMabuchi$bToshiki$3VANV228006$060370 712 $aSpringer $3VANV108073$4650 801 $aIT$bSOL$c20240628$gRICA 856 4 $uhttps://doi.org/10.1007/978-981-16-0500-0$zE-book ? Accesso al full-text attraverso riconoscimento IP di Ateneo, proxy e/o Shibboleth 899 $aBIBLIOTECA DEL DIPARTIMENTO DI MATEMATICA E FISICA$1IT-CE0120$2VAN08 912 $fN 912 $aVAN0275524 950 $aBIBLIOTECA DEL DIPARTIMENTO DI MATEMATICA E FISICA$d08CONS e-Book 8538 $e08eMF8538 20240506 996 $aTest configurations, stabilities and canonical Ka?hler metrics$91904802 997 $aUNICAMPANIA LEADER 02059nam0 22004453i 450 001 VAN00226161 005 20240806101312.696 017 70$2N$a9783030397777 100 $a20211013d2020 |0itac50 ba 101 $aeng 102 $aCH 105 $a|||| ||||| 200 1 $aChoosing and Using a New CAT$eGetting the Most from Your Schmidt Cassegrain or Any Catadioptric Telescope$fRod Mollise 205 $a2. ed 210 $aCham$cSpringer$d2020 215 $ax, 345 p.$cill.$d24 cm 410 1$1001VAN00132688$12001 $aˆThe ‰Patrick Moore Practical Astronomy Series$1210 $aNew York [etc.]$cSpringer 500 1$3VAN00226163$aChoosing and Using a New CAT : Getting the Most from Your Schmidt Cassegrain or Any Catadioptric Telescope$91879296 606 $a00-XX$xGeneral and overarching topics; collections [MSC 2020]$3VANC025238$2MF 606 $a85-XX$xAstronomy and Astrophysics [MSC 2020]$3VANC023246$2MF 610 $aAstronomy cameras$9KW:K 610 $aAstronomy software$9KW:K 610 $aCATs telescope guide$9KW:K 610 $aCatadioptric telescopes$9KW:K 610 $aChoosing a telescope$9KW:K 610 $aComputerized telescopes$9KW:K 610 $aMaksutovs$9KW:K 610 $aSCTs$9KW:K 610 $aSchmidt Cassegrain telescopes$9KW:K 620 $aCH$dCham$3VANL001889 700 1$aMollise$bRod$3VANV190026$0841966 712 $aSpringer $3VANV108073$4650 801 $aIT$bSOL$c20241115$gRICA 856 4 $uhttp://doi.org/10.1007/978-3-030-39777-7$zE-book ? Accesso al full-text attraverso riconoscimento IP di Ateneo, proxy e/o Shibboleth 899 $aBIBLIOTECA DEL DIPARTIMENTO DI MATEMATICA E FISICA$1IT-CE0120$2VAN08 912 $fN 912 $aVAN00226161 950 $aBIBLIOTECA DEL DIPARTIMENTO DI MATEMATICA E FISICA$d08DLOAD e-book 4181 $e08eMF4181 20211013 996 $aChoosing and Using a New CAT : Getting the Most from Your Schmidt Cassegrain or Any Catadioptric Telescope$91879296 997 $aUNICAMPANIA